Guess the Fusion Rock Song Lyrics #326 - Statistics

General Stats
  • This quiz has been taken 9 times
  • The average score is 138 of 190
Answer Stats
Answer % Correct
a
100%
And
100%
and
100%
so
100%
So
100%
To
100%
are
86%
ask
86%
be
86%
by
86%
can
86%
Can
86%
do
86%
Don't
86%
ever
86%
go
86%
If
86%
in
86%
is
86%
know
86%
love
86%
on
86%
see
86%
that
86%
That
86%
the
86%
The
86%
them
86%
Them
86%
they
86%
They
86%
We
86%
we
86%
well
86%
What
86%
who
86%
why
86%
You
86%
you
86%
you'll
86%
your
86%
Your
86%
at
71%
Because
71%
Can't
71%
cry
71%
did
71%
have
71%
hear
71%
live
71%
look
71%
of
71%
one
71%
road
71%
Their
71%
told
71%
will
71%
would
71%
years
71%
children
57%
Crosby, Stills, Nash, and Young
57%
dreams
57%
hell
57%
just
57%
Must
57%
must
57%
code
43%
father's
43%
free
43%
goodbye
43%
parents
43%
past
43%
sigh
43%
slowly
43%
Teach
43%
teach
43%
tender
43%
with
43%
become
29%
feed
29%
Make
29%
picks
29%
truth
29%
world
29%
yourself
29%
Before
14%
believe
14%
care
14%
children's
14%
elders
14%
fears
14%
grew
14%
help
14%
seek
14%
youth
14%
die
0%
please
0%
No matching quizzes found
Score Distribution
Percent of People with Each Score
Percentile by Number Answered
Your Score History
You have not taken this quiz